000 00888nam a22002537a 4500
001 BR8403217
003 BR-BrBNA
005 20230928091936.0
007 ta
008 230509b bl.||||| |||| 00| 0 por d
040 _aBR-BrBNA
_bpor
_cBiblioteca Nacional de Agricultura
041 _a(Por)
072 _aF00
_b2110
_b/G514
090 _ 2110 BR8403217
110 1 _aComissao Executiva do Plano da Lavoura Cacaueira, Belem, PA (Brasil). Depto. Especial da Amazonia
_92095
245 1 _aPronunciamento da Solenidade de inauguracao da sede do DEPEA-PA [Departamento Especial da Amazonia, Brasil]
260 3 _aBelem, PA (Brasil):
_c1984.
300 _a22 p.
500 _a(*) Documento disponível no(a) Secretaria de Estado de Agricultura do Para, Belem (Brazil)
650 _aINSTITUICAO DE PESQUISA
650 _aCACAU
909 _a202309
_bLucia
_c55
_dLucia Elande
942 _cBK
999 _c36321
_d36321